| 000 | 00743cab a2200253 4500 | ||
|---|---|---|---|
| 001 | ABS51189 | ||
| 008 | 090401t1994 xxu||||| |||| 00| 0 eng d | ||
| 035 | _a(Sirsi) u14281 | ||
| 041 | _aeng | ||
| 100 | _aLeitch, J. | ||
| 245 | 2 | _aA healthy workload? | |
| 260 | _c1994 | ||
| 350 | _a0 | ||
| 490 |
_aContract Journal _v375(5988) 18 August 1994, 12-13(2) |
||
| 520 | _aThe Government`s Private Finance Initiative, (PFI), is giving cause for concern amongst contractors involved in work for NHS Trusts. | ||
| 650 | _aCONSTRUCTION MARKET | ||
| 650 | _aJOINT VENTURES | ||
| 650 | _aNHS TRUSTS | ||
| 650 | _aPARTNERSHIPS | ||
| 650 | _aPRIVATE FINANCE INITIATIVE | ||
| 690 | _aBUILT ENVIRONMENT | ||
| 942 | _n0 | ||
| 948 | _c04/03/1997 | ||
| 999 |
_c9285 _d9285 |
||